Essential reprise : a complete review of French grammar, communication, and culture.

Spremljeno u:
Bibliografski detalji
Autor kompanije: NTC Publishing Group.
Format: Nepoznato
Jezik:English
Izdano: Lincolnwood, Ill., USA : NTC Pub. Group, c1998.
Teme:
Oznake: Dodaj oznaku
Bez oznaka, Budi prvi tko označuje ovaj zapis!
Thư viện lưu trữ: Mạng thư viện Đại học Đà Nẵng
LEADER 01110na a2200313 4500
001 000030674
003 4334
005 20210402075532.0
008 151001s1998 000 eng
020 |a 0844214515 
040 |a lnn  |c lnn  |d lnn 
041 0 |a engfre 
082 0 0 |a 448.2  |b ES-R 
245 0 0 |a Essential reprise :  |b a complete review of French grammar, communication, and culture. 
246 3 0 |a Reprise 
260 |a Lincolnwood, Ill., USA :  |b NTC Pub. Group,  |c c1998. 
300 |a 384 p. :  |b maps ;  |c 26 cm. 
500 |a Includes index. 
650 0 |a French language  |v Textbooks for foreign speakers  |x English. 
710 2 |a NTC Publishing Group. 
OWN |a LNN 
902 |a TKA 
AVA |a UDN50  |b LNN  |c English  |d 420.4 KR-C  |e available  |t Error 5001 Not defined in file expand_doc_bib_avail.  |f 1  |g 0  |h N  |i 0  |j AN  |k 1 
999 |a From the UDN01 
AVA |a UDN50  |b LNN  |c English  |d 420.4 KR-C  |e available  |t Error 5001 Not defined in file expand_doc_bib_avail.  |f 1  |g 0  |h N  |i 0  |j AN  |k 1 
TYP |a Printed language 
980 |a Mạng thư viện Đại học Đà Nẵng